Đời chìm nổi của con cháu cán bộ cao cấp trung Quốc

Guardado en:
Detalles Bibliográficos
Autor principal: Thạch Tường
Formato: Libro
Lenguaje:Undetermined
Publicado: Hà Nội Chính Trị Quốc Gia 1998
Materias:
Etiquetas: Agregar Etiqueta
Sin Etiquetas, Sea el primero en etiquetar este registro!
Thư viện lưu trữ: Trung tâm Học liệu Trường Đại học Cần Thơ
LEADER 00650nam a2200169Ia 4500
001 CTU_34306
008 210402s9999 xx 000 0 und d
082 |a 951.05 
082 |b T561 
100 |a Thạch Tường 
245 0 |a Đời chìm nổi của con cháu cán bộ cao cấp trung Quốc 
245 0 |c Thạch Tường; Hiệu đính: Bùi Phương Dung; Dịch giả: Nguyễn Quyền...[et al.] 
260 |a Hà Nội 
260 |b Chính Trị Quốc Gia 
260 |c 1998 
650 |a china - history - 1949 -,china - history - 20th century 
980 |a Trung tâm Học liệu Trường Đại học Cần Thơ